000
00312nam a2200121Ia 4500
008
220204s9999 xx 000 0 und d
082
_a
658
_b
COO
100
_a
Cooper-Jones, Dennis
245
0
_a
Business planning and forecasting
260
_a
London
_b
Business
_c
1974
650
_a
Business planning
942
_c
BK
999
_c
28315
_d
28315